Gaansopan (Record no. 350065)
[ view plain ]
| 000 -LEADER | |
|---|---|
| fixed length control field | 004010000a22001810004500 |
| 005 - DATE AND TIME OF LATEST TRANSACTION | |
| control field | 20120302060035.0 |
| 040 ## - CATALOGING SOURCE | |
| Original cataloging agency | MAR |
| 100 ## - MAIN ENTRY--PERSONAL NAME | |
| Personal name | Gulabrao Maharaj |
| 245 ## - TITLE STATEMENT | |
| Title | Gaansopan |
| 260 ## - PUBLICATION, DISTRIBUTION, ETC. (IMPRINT) | |
| Place of publication, distribution, etc | Nagpur:Vishwa Sant Saahitya Pratishthan,1981. |
| 300 ## - PHYSICAL DESCRIPTION | |
| Extent | 253p. |
| 365 ## - TRADE PRICE | |
| Price amount | 10/- |
| 650 ## - SUBJECT ADDED ENTRY--TOPICAL TERM | |
| Topical term or geographic name as entry element | Vaangamay |
| 650 ## - SUBJECT ADDED ENTRY--TOPICAL TERM | |
| Topical term or geographic name as entry element | Sangeet |
| 650 ## - SUBJECT ADDED ENTRY--TOPICAL TERM | |
| Topical term or geographic name as entry element | Sanskrut Kaarikaa |
| 650 ## - SUBJECT ADDED ENTRY--TOPICAL TERM | |
| Topical term or geographic name as entry element | Nirupan |
| 942 ## - ADDED ENTRY ELEMENTS (KOHA) | |
| Koha item type | Book |
| Withdrawn status | Lost status | Damaged status | Not for loan | Home library | Current library | Date acquired | Total Checkouts | Barcode | Date last seen | Price effective from |
|---|---|---|---|---|---|---|---|---|---|---|
| Institute For Oriental Study, Thane | Institute For Oriental Study, Thane | 12/02/2009 | IOS-14754 | 12/02/2009 | 12/02/2009 |